|
|
|
|
| LEADER |
00643cam a2200205 7i4500 |
| 001 |
0000004131 |
| 005 |
19991025090000.0 |
| 002 |
##000005581 |
| 020 |
0 |
0 |
|a 967-65-3097-2
|
| 090 |
0 |
0 |
|a THAI 330.9
|b PAS
|
| 100 |
0 |
0 |
|a Pasuk Phongpaichit
|
| 245 |
0 |
0 |
|a Thailand, economy and politics.
|
| 260 |
0 |
0 |
|a Oxford:
|b Oxford University Press,
|c 1995.
|
| 300 |
0 |
0 |
|a 449 p..
|
| 650 |
0 |
0 |
|a Thailand --
|x Economic conditions
|
| 650 |
0 |
0 |
|a Thailand --
|x Politics and government
|
| 651 |
0 |
0 |
|a Thailand
|
| 700 |
0 |
0 |
|a Baker, Chris
|
| 999 |
|
|
|a 0000006276
|b Book
|c Open shelf
|e Business Information Centre
|
| 999 |
|
|
|a 0000006086
|b Book
|c Open shelf
|e Business Information Centre
|